00483nam a2200193 a 4500001001300000003000900013005001700022008004100039020001000080082001500090100001500105245004500120260003200165300000900197500003500206505001000241650002300251700001500274nice12345678IN_TiNIC20260116011540.0050524s1946 lona grp 000 0 eng  ac10000a221.9bNOR aNorth, C R aOld Testament Interpretation of History. aLondonbEpworth Pressc1946 a210p aincludes index and biblioraphy2 aIndex aBible O.T. History1 aNorth, C R